00243nam a2200097Ia 4500008004100000082001900041100002400060245001600084260003700100300000800137150731s2012 xx 000 0 und d a615.53bG 12 T aTRIPATHI, INDRADEVA aGADANIGRANA bCHAUKHAMBHA PUB. NEW DELHIc2012 a419